| 000 | 004950000a22001570004500 | ||
|---|---|---|---|
| 090 |
_aAR _b02961 |
||
| 245 | 1 | 0 | _aIntroduction to some Australian developments in conservation evaluation |
| 650 | 1 | 4 |
_aMapas de especies _996506 |
| 650 | 1 | 4 |
_aDistribución espacial _95206 |
| 650 | 1 | 4 |
_aSelección de áreas protegidas _992864 |
| 651 | 4 |
_pAustralia _992749 |
|
| 041 | 0 | _aInglés | |
| 100 | 1 |
_aMargules, Chris R. _912615 |
|
| 942 | _cARTICULO | ||
| 773 | 1 |
_tBiological Conservation _3147 _q1-11 _d1989 _g50 |
|
| 999 |
_c12019 _d12019 |
||